000 00837pam a2200265 a 4500
999 _c129083
_d129083
001 2822300
003 ARRUPE
005 20190222090012.0
008 830113s1984 enk b 001 0 eng
010 _a 83000977
020 _a0582644437
040 _aDLC
_cDLC
_dDLC
_dOCoLC
043 _ad------
050 1 0 _aHC59.7
_b.C445 1983
082 0 0 _a307/.14
_219
100 1 _aChambers, Robert,
_d1932-
_944837
245 1 0 _aRural development :
_bputting the last first /
_cRobert Chambers.
260 _aLondon ;
_aNew York :
_bRoutledge,
_c1983.
300 _a246 p. ;
_c21 cm.
500 _aIncludes index.
504 _aBibliography: p. 219-235.
650 0 _aRural poor
_zUnderdeveloped areas.
_944838
650 0 _aRural development.
_921327
906 _a7
_bcbc
_corignew
_d1
_eocip
_f19
_gy-gencatlg
942 _2lcc
_cMONOGRAPH